书目信息 |
| 题名: |
中国石刻与石窟
|
|
| 作者: | 徐自强 , 吴梦麟 编 | |
| 分册: | ||
| 出版信息: | 北京 商务印书馆 1996.12 |
|
| 页数: | 192页 | |
| 开本: | 32开 | |
| 丛书名: | ||
| 单 册: | ||
| 中图分类: | K879.2 | |
| 科图分类: | ||
| 主题词: | 文物--考古--中国 | |
| 电子资源: | ||
| ISBN: | 7-100-02139-1 | |
| 000 | 00591nam0 2200205 45 | |
| 001 | 0009191673 | |
| 005 | 20000919162559.5 | |
| 010 | @a7-100-02139-1@d11.40元 | |
| 100 | @a20000919d1996 km y0chiy0120 ea | |
| 101 | 0 | @achi |
| 105 | @a z 000yy | |
| 200 | 1 | @a中国石刻与石窟@AZhong Guo Shi Ke Yu Shi Ku@f徐自强,吴梦麟编@FXu Zi Qiang,Wu Meng Lin Bian |
| 210 | @a北京@c商务印书馆@d1996.12 | |
| 215 | @a192页@d32开 | |
| 606 | 0 | @a文物@x考古@x中国 |
| 690 | @aK879.2@v3 | |
| 701 | 0 | @a徐自强@4编 |
| 701 | 0 | @a吴梦麟@4编 |
| 801 | @aCN@bPftUser@c20000919 | |
| 905 | @b148866-870@dK879.2@eX697@f5 | |
| 中国石刻与石窟/徐自强,吴梦麟编.-北京:商务印书馆,1996.12 |
| 192页;32开 |
| ISBN 7-100-02139-1:11.40元 |
| ● |
| 相关链接 |
|
|
|
正题名:中国石刻与石窟
索取号:K879.2/X697
 
预约/预借
| 序号 | 登录号 | 条形码 | 馆藏地/架位号 | 状态 | 备注 |
| 1 | 148866 | 201488666 | 自科二线404/309社科库 12排1列6层/ [索取号:K879.2/X697] | 在馆 | |
| 2 | 148867 | 201488675 | 社科库309/309社科库 9排3列4层/ [索取号:K879.2/X697] | 在馆 | |
| 3 | 148868 | 201488684 | 社科库309/309社科库 9排3列4层/ [索取号:K879.2/X697] | 在馆 | |
| 4 | 148869 | 201488693 | 自科二线404/309社科库 12排1列6层/ [索取号:K879.2/X697] | 在馆 | |
| 5 | 148870 | 201488700 | 自科二线404/309社科库 12排1列6层/ [索取号:K879.2/X697] | 在馆 |